The impact of flooding on residential property buyer behaviour: an England and Australian comparison of flood affected property (Record no. 74502)

MARC details
000 -LEADER
fixed length control field 01846cab a2200301 4500
001 - CONTROL NUMBER
control field ABS68136
008 - FIXED-LENGTH DATA ELEMENTS--GENERAL INFORMATION
fixed length control field 040813n2004 000 0 eng u
035 ## - SYSTEM CONTROL NUMBER
System control number (Sirsi) u127064
100 ## - MAIN ENTRY--PERSONAL NAME
Personal name Eves, C.
245 #4 - TITLE STATEMENT
Title The impact of flooding on residential property buyer behaviour: an England and Australian comparison of flood affected property
260 ## - PUBLICATION, DISTRIBUTION, ETC.
Date of publication, distribution, etc. 2004
490 ## - SERIES STATEMENT
Series statement Structural Survey
Volume/sequential designation 22(2) 2004, 84-94(11)
520 ## - SUMMARY, ETC.
Summary, etc. Provides details of how exposure to flood events impacts on residential property markets and buyer behaviour associated with flood-prone property and offers insights into the implications and possible ramifications of flooding on the construction, finance and insurance of residential property in flood-affected areas. Uses surveys of English and Welsh property professionals and flood-affected residential property in Sydney, Australia to conclude that there is a correlation between the severity of flooding and a reduction in residential property values. Tables cover: England and Wales flood incidence 2000-01; the extent of flood defences; market sentiment and river proximity; residential property flooding insurance and finance; and the impact of 2000-01 flooding on residential property values. Figures show a comparison of flood free and flood liable residential property 1984-2000 and a residential property capital return index 1984-2000. References and further reading.
590 ## - LOCAL NOTE (RLIN)
Local note ABS
650 ## - SUBJECT ADDED ENTRY--TOPICAL TERM
Topical term or geographic name entry element RESIDENTIAL PROPERTY
9 (RLIN) 6266
650 ## - SUBJECT ADDED ENTRY--TOPICAL TERM
Topical term or geographic name entry element PROPERTY FINANCE
650 ## - SUBJECT ADDED ENTRY--TOPICAL TERM
Topical term or geographic name entry element PROPERTY INSURANCE
650 ## - SUBJECT ADDED ENTRY--TOPICAL TERM
Topical term or geographic name entry element PROPERTY VALUES
650 ## - SUBJECT ADDED ENTRY--TOPICAL TERM
Topical term or geographic name entry element FLOOD DEFENCES
650 ## - SUBJECT ADDED ENTRY--TOPICAL TERM
Topical term or geographic name entry element FLOOD RISK
650 ## - SUBJECT ADDED ENTRY--TOPICAL TERM
Topical term or geographic name entry element HOUSE PRICES
650 ## - SUBJECT ADDED ENTRY--TOPICAL TERM
Topical term or geographic name entry element FLOODING
650 ## - SUBJECT ADDED ENTRY--TOPICAL TERM
Topical term or geographic name entry element ENGLAND
650 ## - SUBJECT ADDED ENTRY--TOPICAL TERM
Topical term or geographic name entry element SYDNEY
650 ## - SUBJECT ADDED ENTRY--TOPICAL TERM
Topical term or geographic name entry element AUSTRALIA
690 ## - LOCAL SUBJECT ADDED ENTRY--TOPICAL TERM (OCLC, RLIN)
Topical term or geographic name as entry element PROPERTY-RESIDENTIAL PROPERTY-RESIDENTIAL PROPERTY MARKET
942 ## - ADDED ENTRY ELEMENTS (KOHA)
Suppress in OPAC 0
Holdings
Withdrawn status Lost status Source of classification or shelving scheme Damaged status Not for loan Home library Current library Shelving location Date acquired Total Checkouts Full call number Barcode Date last seen Copy number Price effective from Koha item type
    Dewey Decimal Classification     London London Journal article 13/08/2004   ABS68136 127064-1001 06/08/2019 1 06/08/2019 Journal article